000 00435nam a2200181Ia 4500
001 3772
005 20260306145708.0
008 260306t1997||||xx |||||||||||||| ||spa||
041 _aESP
082 _a303.34
_bS54L
100 _aSiliceo Aguilar, Alfonso
_eAUT
245 0 _aLíderes para el siglo XXI texto impreso
260 _c1997
300 _a154 páginas :
_c
650 _aGEN
654 _aCHU
942 _cLIB
_dJUS
_fJUS
_2ddc
_n
999 _c3772
_d3772